Network analysis using Wireshark cookbook / (Record no. 87440)
[ view plain ]
| 000 -LEADER | |
|---|---|
| fixed length control field | 01346nam a22003371i 4500 |
| 001 - CONTROL NUMBER | |
| control field | ebr10825549 |
| 003 - CONTROL NUMBER IDENTIFIER | |
| control field | CaPaEBR |
| 006 - FIXED-LENGTH DATA ELEMENTS--ADDITIONAL MATERIAL CHARACTERISTICS--GENERAL INFORMATION | |
| fixed length control field | m o d |
| 007 - PHYSICAL DESCRIPTION FIXED FIELD--GENERAL INFORMATION | |
| fixed length control field | cr cn||||||||| |
| 008 - FIXED-LENGTH DATA ELEMENTS--GENERAL INFORMATION | |
| fixed length control field | 140104s2013 enka o 001 0 eng d |
| 020 ## - INTERNATIONAL STANDARD BOOK NUMBER | |
| International Standard Book Number | 9781849517652 (e-book) |
| Cancelled/invalid ISBN | 9781849517645 |
| 040 ## - CATALOGING SOURCE | |
| Original cataloging agency | CaPaEBR |
| Language of cataloging | eng |
| Description conventions | rda |
| -- | pn |
| Transcribing agency | CaPaEBR |
| 035 ## - SYSTEM CONTROL NUMBER | |
| System control number | (OCoLC)867075516 |
| 050 14 - LIBRARY OF CONGRESS CALL NUMBER | |
| Classification number | TK5105.5956 |
| Item number | .O79 2013eb |
| 100 1# - MAIN ENTRY--PERSONAL NAME | |
| Personal name | Orzach, Yoram. |
| 245 10 - TITLE STATEMENT | |
| Title | Network analysis using Wireshark cookbook / |
| Statement of responsibility, etc | Yoram Orzach. |
| 264 #1 - PRODUCTION, PUBLICATION, DISTRIBUTION, MANUFACTURE, AND COPYRIGHT NOTICE | |
| Place of production, publication, distribution, manufacture | Birmingham : |
| Name of producer, publisher, distributor, manufacturer | Packt Publishing, |
| Date of production, publication, distribution, manufacture, or copyright notice | 2013. |
| 300 ## - PHYSICAL DESCRIPTION | |
| Extent | 1 online resource (452 pages) : |
| Other physical details | illustrations |
| 336 ## - CONTENT TYPE | |
| Content type term | text |
| Source | rdacontent |
| 337 ## - MEDIA TYPE | |
| Media type term | computer |
| Source | rdamedia |
| 338 ## - CARRIER TYPE | |
| Carrier type term | online resource |
| Source | rdacarrier |
| 500 ## - GENERAL NOTE | |
| General note | Includes index. |
| 588 ## - SOURCE OF DESCRIPTION NOTE | |
| Source of description note | Description based on online resource; title from PDF title page (ebrary, viewed January 19, 2014). |
| 590 ## - LOCAL NOTE (RLIN) | |
| Local note | Electronic reproduction. Palo Alto, Calif. : ebrary, 2014. Available via World Wide Web. Access may be limited to ebrary affiliated libraries. |
| 650 #0 - SUBJECT ADDED ENTRY--TOPICAL TERM | |
| Topical term or geographic name as entry element | Computer networks |
| General subdivision | Quality control. |
| Topical term or geographic name as entry element | Network performance (Telecommunication) |
| 655 #0 - INDEX TERM--GENRE/FORM | |
| Genre/form data or focus term | Electronic books. |
| 797 2# - LOCAL ADDED ENTRY--CORPORATE NAME (RLIN) | |
| Corporate name or jurisdiction name as entry element | ebrary. |
| 856 40 - ELECTRONIC LOCATION AND ACCESS | |
| Uniform Resource Identifier | <a href="http://site.ebrary.com/lib/rucke/Doc?id=10825549">http://site.ebrary.com/lib/rucke/Doc?id=10825549</a> |
| Public note | An electronic book accessible through the World Wide Web; click to view |
No items available.
